000 00455nam a2200181Ia 4500
001 16526
005 20260306170316.0
008 260306t2021||||xx |||||||||||||| ||und||
041 _aESP
082 _a348.6
_bT22F
100 _aTarazona Pinedo, Manolo
_eAUT
245 0 _aFormas de extinción laboral/causales de suspensión laboral
260 _c2021
300 _a64 páginas :
_c
650 _aGEN
654 _aCDE
942 _cLIB
_dJUS
_fJUS
_2ddc
_n
999 _c16526
_d16526